| 000 -LEADER |
| fixed length control field |
00817nam a2200241Ia 4500 |
| 001 - CONTROL NUMBER |
| control field |
9465 |
| 003 - CONTROL NUMBER IDENTIFIER |
| control field |
GE_BSU |
| 008 - FIXED-LENGTH DATA ELEMENTS--GENERAL INFORMATION |
| fixed length control field |
181216s||||||||xx |||||||||||||| ||und|| |
| 040 ## - CATALOGING SOURCE |
| Transcribing agency |
GE_BSU |
| 080 ## - UNIVERSAL DECIMAL CLASSIFICATION NUMBER |
| Universal Decimal Classification number |
624.014 |
| 100 ## - MAIN ENTRY--PERSONAL NAME |
| Personal name |
Беленя,Е.И. Геиев,А.Н. Балдин,В.А. и др. |
| 245 ## - TITLE STATEMENT |
| Title |
Металлические конструкции. |
| 245 ## - TITLE STATEMENT |
| Remainder of title |
Учебн. |
| 245 ## - TITLE STATEMENT |
| Statement of responsibility, etc. |
Под общ. ред. Е.И.Беленя. Научн. ред. С.А.Ильясевич, Т.Н.Морочевская. |
| 250 ## - EDITION STATEMENT |
| Edition statement |
Изд.4-е, перепаб. |
| 260 ## - PUBLICATION, DISTRIBUTION, ETC. |
| Place of publication, distribution, etc. |
М. |
| 260 ## - PUBLICATION, DISTRIBUTION, ETC. |
| Name of publisher, distributor, etc. |
Стройиздат. |
| 260 ## - PUBLICATION, DISTRIBUTION, ETC. |
| Date of publication, distribution, etc. |
1973. |
| 300 ## - PHYSICAL DESCRIPTION |
| Extent |
688 стр. с илл. 27 см. |
| 300 ## - PHYSICAL DESCRIPTION |
| Accompanying material |
Приложения: стр.649-680. |
| 653 ## - INDEX TERM--UNCONTROLLED |
| Uncontrolled term |
Металлические конструкции. |
| 942 ## - ADDED ENTRY ELEMENTS (KOHA) |
| Koha item type |
წიგნი |